00375nam a22001337a 4500008004100000020001500041040000800056082001800064100002800082245008100110260001900191300000900210600002200219230602b xxu||||| |||| 00| 0 eng d a9966031372 cDLC a342.6762bMBO cMorris Kiwida Mbondenyi aThe New Constitutional Law of kenyabPrinciples, Government and Human Rights aNairobi, kenya a428p cJohn Osogo Ambani